00337nam a2200133Ia 4500008004100000041000800041082001600049100001700065245002800082260002600110300000800136650004000144999001900184230516s9999 xx 000 0 und d aeng a612.015/GUP aGUPTA R. C.  aPRACTICAL BIOCHEMISTRY bCBS Publicationc2014 a207 aBIOCHEMISTRY AND CLINICAL PATHOLOGY c392186d392186